000 00626nam a22002417a 4500
003 IT-MiCISF
005 20200729195423.0
008 200729b ||||| |||| 00| 0 eng d
040 _cIT-MiCISF
041 _ait
100 _aPiasere Leonardo
_958301
210 _aMinori giustizia
222 _a11212845
245 _aLa scienza stupida. La tesi di dottorato di Eva Justin sui "bambini zingari"
260 _c2019
300 _app. 5-19
310 _atrimestrale
362 _an. 1
500 _asocietà, rapporti-sociali, violenza
650 _asocietà
_956109
654 _aarticolo
942 _2ddc
_cCR
999 _c358782
_d358782